Water for freshwater fish culture / (Record no. 8127)

MARC details
000 -LEADER
fixed length control field 00880nam a2200265 4500
001 - CONTROL NUMBER
control field 000
005 - DATE AND TIME OF LATEST TRANSACTION
control field 20150520113835.0
007 - PHYSICAL DESCRIPTION FIXED FIELD--GENERAL INFORMATION
fixed length control field 000
008 - FIXED-LENGTH DATA ELEMENTS--GENERAL INFORMATION
fixed length control field 000
010 ## - LIBRARY OF CONGRESS CONTROL NUMBER
LC control number 85129104
020 ## - INTERNATIONAL STANDARD BOOK NUMBER
Cancelled/invalid ISBN 925101112 (pbk.)
040 ## - CATALOGING SOURCE
Original cataloging agency UOEL
Transcribing agency DLC
Modifying agency DLC
-- OCoLC
-- DLC
050 00 - LIBRARY OF CONGRESS CALL NUMBER
Classification number SH154
Item number .C63 1981
082 00 - DEWEY DECIMAL CLASSIFICATION NUMBER
Classification number 639.3/1
Edition number 19
100 1# - MAIN ENTRY--PERSONAL NAME
Personal name Coche, A. G.
245 10 - TITLE STATEMENT
Title Water for freshwater fish culture /
Statement of responsibility, etc text, A.G. Coche and H. van der Wal ; illustrations, T. Laughlin.
260 ## - PUBLICATION, DISTRIBUTION, ETC. (IMPRINT)
Place of publication, distribution, etc Rome :
Name of publisher, distributor, etc Food and Agriculture Organization of the United Nations ;
Place of publication, distribution, etc [New York, N.Y. :
Name of publisher, distributor, etc UNIPUB, distributor],
Date of publication, distribution, etc c1981.
300 ## - PHYSICAL DESCRIPTION
Extent 111 p. :
Other physical details ill. (some col.) ;
Dimensions 22 x 28 cm.
440 #0 - SERIES STATEMENT/ADDED ENTRY--TITLE
Title Simple methods for aquaculture
Title FAO training series ;
Volume number/sequential designation 4
650 #0 - SUBJECT ADDED ENTRY--TOPICAL TERM
Topical term or geographic name as entry element Fish culture
General subdivision Water-supply.
700 1# - ADDED ENTRY--PERSONAL NAME
Personal name Wal, H. van der.
906 ## - LOCAL DATA ELEMENT F, LDF (RLIN)
a 7
b cbc
c orignew
d 3
e ncip
f 19
g y-gencatlg
942 ## - ADDED ENTRY ELEMENTS (KOHA)
Source of classification or shelving scheme Library of Congress Classification
Item type Loan - Normal on open shelf
Holdings
Withdrawn status Lost status Source of classification or shelving scheme Damaged status Not for loan Home library Current library Shelving location Date acquired Total Checkouts Full call number Barcode Date last seen Copy number Price effective from Koha item type
    Library of Congress Classification     UOE Main Library UOE Main Library Open shelf 20/05/2015   SH154 .C63 1981 10014462 27/04/2026 10014462 20/05/2015 Loan - Normal on open shelf